Quizzes
Events
Quiz Creation
Community
Videos
Private Events
Remove Ads
Sign In
Join for FREE
Feedback
Dark Mode
Quiz Categories
Sports
Geography
Music
Movies
Television
Just For Fun
Miscellaneous
History
Literature
Language
Science
Gaming
Entertainment
Religion
Holiday
For Kids
Quiz Lab
Recent
Popular Today
Quiz Kudos Today
Editor Picks
Curator Picks
Quizzes by...
Day
Popularity
Type
Ratings
Length
Year
Community
Subscriptions
Recent Discussions
Orange Saloon
Badges
Playlists
Quests
Create
Leaderboards
Showdown
Live 5
Trivia Bingo
Activity
Puzzle Library
Sporcle Events
Private Events
Virtual Trivia
Globe League
Become a Host
Pub Owners
SporcleCon
Opinionation
Our Games
Videos
Blog
Mobile Apps
Partnerships
Remove Ads and Go Orange
Feedback
Sports
Athletes
MLB
NBA
NHL
NFL
Soccer
Sports Teams
WWE
NCAA
Football
Premier League
Basketball
Baseball
Hockey
Golf
Tennis
Cricket
Rugby
Auto Racing
Olympics
World Cup
Sports
Athletes
MLB
NBA
NHL
NFL
Soccer
Sports Teams
WWE
NCAA
Football
Premier League
Basketball
Baseball
Hockey
Golf
Tennis
Cricket
Rugby
Auto Racing
Olympics
World Cup
Random Quiz
Search Sporcle
×
Quiz Lab
Quiz Lab
Sports
Soccer
Type in answers that appear in a list
Type in answers that appear in a list
Classic
Best Score? Go Orange.
Top 30 Birmingham Premier League Scorers Stats
Can you name the Top 30 Birmingham City Premier League Scorers?
By
NLCD
10m
30 Questions
1,134 Plays
1,134 Plays
1,134 Plays
Comments
Comments
Give Quiz Kudos
Give Quiz Kudos
-
- Ratings
hide this ad
Replay
Link that replays current quiz
Next Quiz
Link to next quiz in quiz playlist
You Got
0%
They Got
Avg Score
42%
Avg Friend Score
Upgrade to see
Score Distribution
Jump to the score distribution portion of the page
Score
0/30
Timer
10:00
0
Plays Today
Goals
Player
% Correct
29
Mikael Forssell
79.1%
8
Cameron Jerome
78.6%
9
Stern John
78.3%
14
Emile Heskey
72.4%
7
Sebastian Larsson
66.5%
6
Christophe Dugarry
63%
14
Clinton Morrison
60.8%
11
Robbie Savage
59%
4
Lee Bowyer
56.6%
6
Davin Dunn
51.9%
5
Geoff Horsfield
46.9%
4
Stan Lazaridis
46.9%
6
James McFadden
46%
3
Matthew Upson
42.5%
4
Stephen Clemence
33.5%
Goals
Player
% Correct
2
Jermaine Pennant
32.4%
6
Walter Pandiani
32.3%
3
Paul Devlin
31%
3
Julian Gray
29.5%
5
Bryan Hughes
28.2%
4
Mauro Zarate
27.8%
3
Jeff Kenna
27.6%
2
Dwight Yorke
26.9%
3
Gary O'Connor
25.6%
3
Gary McSheffrey
25.4%
2
Mario Melchiot
23.8%
5
Olivier Kapo
22.2%
3
Nicky Butt
22.1%
5
Jiri Jarosik
21.9%
3
Darren Anderton
15.7%
Quiz Playlist
Details
Report
Send in Message
Add To Playlist
Classic:
Type in answers that appear in a list
Quiz Source
Last Updated: Feb 16, 2017
Quiz Scoreboard
CHALLENGE
Sign Up to Join the Scoreboard
Show All
Scores
Hide
Comments
May contain spoilers
Recently Published
Movies - When Are They Set?
by FPL_Elf
Movies
5m
Popular People in 1961
by mucciniale
History
6m
1-10 Letter E Words III
by El_Dandy
Language
2m
More to Explore
Quiz From the Vault
Featured Blog Post
Where Did the Easter Bunny Come From?
hide this ad
You Might Also Like...
Tags
City Quiz
Premier League Quiz
Soccer Quiz
Birmingham
Birmingham City
goal
League
Player
Premier
Scorer
Top 30
Today's Top Quizzes in Sports
Browse Sports
hide this ad
Today's Top Quizzes in Soccer
Browse Soccer
Top Contributed Quizzes in Sports
1
Les meilleurs buteurs des matchs entre le PSG et l’OM
2
FIFA Club World Cup Champions
3
Les entraîneurs de l'OM et du PSG au 21e siècle
4
2022 World Cup Stars
5
Name the Premier League winners with different clubs
6
La finale Lions - Afrique du Sud 2021
7
Criteria MLB: Left Handed Sluggers
8
Les joueurs passés par le LOSC et le RC Lens
9
Players with Multiple 50 Home Run Seasons
10
MLB Players with Two .350 Batting Average Seasons
Explore More
Trending Topics
Crossword
Kpop
Harry Potter
NBA
Disney
Marvel
Anime
The Office
WWE
Country
Puzzle
Pokémon
Soccer
Song
NFL
hide this ad
More By:
NLCD
Quiz
Plays
Rating
Category
Featured
Created
Top 30 Birmingham Premier League Scorers
1,134
4.50
Sports
Dec 3, 2009
Top 31 Coventry Premier League Scorers
792
5.00
Sports
Dec 2, 2009
Top 31 Forest Premier League Scorers
571
5.00
Sports
Dec 2, 2009
Top 30 Leicester Premier League Scorers
554
5.00
Sports
Dec 2, 2009
Top 30 Charlton Ath Premier League Scorers
500
5.00
Sports
Dec 2, 2009
Go to Creator's Profile
Score Distribution
Quiz Creator Spotlight
NLCD
Follow
Send a Message
Quizzes Created
-
Created Quiz Play Count
-
More By This Creator
Popular Quizzes Today
1
Find the Countries of Europe - No Outlines Minefield
2
Find the US States - No Outlines Minefield
3
The Countries of the World
4
Popular People in 1961
5
1-10 Letter E Words III
6
US States
7
Find the US States
8
One Thing in Common: World Cities II
More Sports Quizzes
NCAA Profile: UCLA
Published
Trending Quizzes
Risky Map Clicking: Least Populous States A-Z
Humor Books: The Subtitles
1-10 Letter F Words
1-10 Letter G Words
One Thing in Common: United Kingdom
Recently Updated
Leaping Animals
pecheneg
Reality TV Shows (A-Z)
bhenderson79
Rickey Henderson's Hall of Fame Teammates
pecheneg
Champions League XIs: Arsenal
pecheneg
Quick Pick: Celebrities in WWE's Hall of Fame
aduchscher
A-Z Keypad Blitz II
pecheneg
Multiple Oscar Actors
pecheneg
Mystery Phrase Blitz: Oscar 'Best Actors'
pecheneg
F. Scott Fitzgerald Novels
LTH
Pick 3 Villains
ddd62291
Trending Topics
NBA
Marvel
Kpop
Harry Potter
Disney
Anime
Crossword
Pokémon
NFL
WWE
Country
Soccer
Puzzle
The Office
Song
Your Account Isn't Verified!
In order to create a playlist on Sporcle, you need to verify the email address you used during registration. Go to your
Sporcle Settings
to finish the process.
Report this User
Report this user for behavior that violates our
Community Guidelines
.
Details:
Send Report
Go to the Sporcle.com Mobile Site →
Comments